Số đỏ

Gardado en:
Detalles Bibliográficos
Autor Principal: Vũ Trọng Phụng (Tác giả)
Formato: Libro
Idioma:Vietnamese
Publicado: H. Nxb. Đại học Sư phạm 2008
Series:Tác phẩm văn học trong nhà trường
Những chủ đề:
Các nhãn: Engadir etiqueta
Sen Etiquetas, Sexa o primeiro en etiquetar este rexistro!
Thư viện lưu trữ: Mạng thư viện Đại học Đà Nẵng
LEADER 01137nam a2200349 4500
001 000005987
003 2140
005 20120510080557.0
008 110826s2008 viesd
020 |c 28000đ 
041 0 |a vie 
082 |a 895.9223  |b VU-P 
100 0 |a Vũ Trọng Phụng 
245 0 |a Số đỏ  |c Vũ Trọng Phụng 
260 |a H.  |b Nxb. Đại học Sư phạm  |c 2008 
300 |a 231 tr  |c 21 cm 
490 |a Tác phẩm văn học trong nhà trường 
653 |a Văn học hiện đại 
653 |a Việt Nam 
653 |a Tiểu thuyết 
700 |a Vũ Trọng Phụng  |e Tác giả 
910 |a Nguyễn Thị Kim Oanh  |d 26/08/2011 
OWN |a LSP 
AVA |a UDN50  |b LSP  |d 895.9223 VU-P  |e available  |t Error 5001 Not defined in file expand_doc_bib_avail.  |f 10  |g 0  |h N  |i 0  |k 1 
999 |a From the UDN01 
AVA |a UDN50  |b LSP  |d 895.9223 VU-P  |e available  |t Error 5001 Not defined in file expand_doc_bib_avail.  |f 10  |g 0  |h N  |i 0  |k 1 
TYP |a Monograph 
TYP |a Printed language 
980 |a Mạng thư viện Đại học Đà Nẵng